000 00761nam a2200217Ia 4500
005 20220722110949.0
008 210716s2011 xx 000 0 und d
020 _a9788173199271
040 _cAIMIT LIBRARY
041 _aeng
082 _a519.5
_21
_bBISS
100 _aBiswas, Suddhendu.
_952594
245 _aMathematical statistics:
_btextbook /
_cBy Suddhendu Biswas and G L Sriwastav.
250 _a1st ed.
260 _aNew Delhi :
_bNarosa Publishing House ,
_c2011.
300 _axvi, 14.45,I.6p. ;
_c24 cm.
650 _aGlimpses of various aspects of statistics and history of statistical thoughts
_952595
650 _aRegression analysis and its applications
_952596
700 _aSriwastav, G L.
_952597
942 _2ddc
_cBK
_e1st
_k519.5 BISS
999 _c192214
_d192214